Historia del arte hispano-americano / (Record no. 24934)
[ view plain ]
| 000 -LEADER | |
|---|---|
| campo de control de longitud fija | 00959nam a2200217 i 4500 |
| 001 - NÚMERO DE CONTROL | |
| campo de control | 24934 |
| 003 - IDENTIFICADOR DE NÚMERO DE CONTROL | |
| campo de control | ES-MaACL |
| 005 - FECHA Y HORA DE LA ÚLTIMA TRANSACCIÓN | |
| campo de control | 20250728141539.0 |
| 007 - CAMPO FIJO DE DESCRIPCIÓN FÍSICA--INFORMACIÓN GENERAL | |
| campo de control de longitud fija | t| |
| 008 - DATOS DE LONGITUD FIJA--INFORMACIÓN GENERAL | |
| campo de control de longitud fija | 021219m19451956sp ||||1| spa d |
| 100 1# - ENTRADA PRINCIPAL--NOMBRE DE PERSONA | |
| Nombre de persona | Angulo Iñiguez, Diego. |
| 9 (RLIN) | 21788 |
| 245 10 - MENCIÓN DEL TÍTULO | |
| Título | Historia del arte hispano-americano / |
| Mención de responsabilidad, etc. | Diego Angulo Iñiguez. |
| 250 ## - MENCION DE EDICION | |
| Mención de edición | [1ª ed.]. |
| 260 ## - PUBLICACIÓN, DISTRIBUCIÓN, ETC. | |
| Lugar de publicación, distribución, etc. | Barcelona, etc. : |
| Nombre del editor, distribuidor, etc. | Salvat, |
| Fecha de publicación, distribución, etc. | 1945-1956 ( |
| Fabricante | Imprenta Hispano-Americana) |
| 300 ## - DESCRIPCIÓN FÍSICA | |
| Extensión | 3 v. ; |
| Dimensiones | 26 cm. |
| 505 8# - NOTA DE CONTENIDO CON FORMATO | |
| Nota de contenido con formato | Contiene: T. I. Los capítulos once a diecisiete / por Enrique Marco Dorta -- T. II. Los capítulos III, VI y XII / por Enrique Marco Dorta. el capítulo VII / por Mario J. Buschiazzo -- T. III. Los capítulos IV al XII / por Enrique Marco Dorta. Los capítulos XIII al XVIII / por Mario J. Buschiazzo |
| 700 1# - ENTRADA AGREGADA--NOMBRE PERSONAL | |
| Nombre de persona | Marco Dorta, Enrique, |
| Fechas asociadas al nombre | 1911-1980 |
| 9 (RLIN) | 76479 |
| 700 1# - ENTRADA AGREGADA--NOMBRE PERSONAL | |
| Nombre de persona | Buschiazzo, Mario J. |
| 9 (RLIN) | 32811 |
| 852 ## - LOCALIZACIÓN | |
| Ubicación | ES-MaACL |
| Número de control de estantería | C-56325-7 |
| Sublocalización o colección | R.21739 |
| Estatus retirado | Estado de pérdida | Estado de daño | No para préstamo | Biblioteca de origen | Biblioteca actual | Ubicación en estantería | Fecha de adquisición | Fuente de adquisición | Total de préstamos | Signatura topográfica completa | Código de barras | Visto por última vez | Precio de reemplazo | Tipo de ítem Koha |
|---|---|---|---|---|---|---|---|---|---|---|---|---|---|---|
| Biblioteca del Ateneo de Madrid | Biblioteca del Ateneo de Madrid | Depósito 2 | 17/01/2008 | C-56325-7 | 1025707 | 23/02/2023 | 23/02/2023 | Libro impreso |
